000 00242 a2200109 4500
001 8932
082 _a390.62 LAN
090 _c7121
_d7121
100 _aLane, E.W
245 _aManners & Customs of the Modern Egyptions
_hEnglish
260 _bDent
_a1954
942 _aNUST-CAE
999 _c244005
_d244005